000 00782cam a2200241 a 4500
005 20180803165028.0
008 010411s2002 nyua 001 0 eng
020 _a076682800X
040 _aDLC
_cDLC
_dDLC
_dCO-BoIAVH
041 0 _aeng
044 _axxu
082 0 0 _a910.285
_bR27a
100 1 _aRazavi, Amir H.,
_d1957-
245 1 0 _aArcView GIS developer's guide :
_bprogramming with Avenue /
_cAmir H. Razavi.
250 _aCuarta edición
260 _aAlbany, NY :
_bOnword Press,
_cc2002.
300 _axix, 373 páginas :
_bilustraciones ;
_c24 x 19 centímetros
500 _aIncluye índice.
630 0 0 _aArcView.
650 0 _aAplicación informática
_xDesarrollo.
650 4 _aAvenue (Lenguaje de programación)
942 _2ddc
_cLIBRO
999 _c2677
_d2677